A relationship between weakening of tropical cyclone cloud patterns and lessening of wind speed /

Saved in:
Bibliographic Details
Main Author: Lushine, James B.
Corporate Author: United States. National Environmental Satellite Service
Format: Government Document Book
Language:English
Published: Washington : Springfield, Va. : Dept. of Commerce, National Oceanic and Atmospheric Administration, National Environmental Satellite Service ; for sale by the National Technical Information Service, 1977.
Series:NOAA technical memorandum ; NESS 85.
Subjects:
LEADER 01562nam a2200337 a 4500
001 c000179519
003 CARM
005 19810630000000.0
008 770804s1977 dcu f00 neng d
019 1 |a 2750723  |5 LACONCORD2021 
020 |a pbk. 
035 |a (OCoLC)3160030  |5 LACONCORD2021 
040 |a USGPO  |b eng  |c USGPO 
043 |a p----- 
086 |a C 55.13/2:NESS 85 
100 1 |a Lushine, James B. 
245 1 2 |a A relationship between weakening of tropical cyclone cloud patterns and lessening of wind speed /  |c James B. Lushine ; National Environmental Satellite Service. 
260 |a Washington :  |b Dept. of Commerce, National Oceanic and Atmospheric Administration, National Environmental Satellite Service ;  |a Springfield, Va. :  |b for sale by the National Technical Information Service,  |c 1977. 
300 |a iii, 12 p. :  |b ill. ;  |c 26 cm. 
490 1 |a NOAA technical memorandum ; NESS 85. 
500 |a Prepared by National Environmental Satellite Service. 
500 |a March 1977. 
504 |a Bibliography: p. 4. 
650 0 |a Storms  |z Tropics. 
650 0 |a Hurricanes  |z Pacific Ocean. 
650 0 |a Winds. 
710 1 |a United States.  |b National Environmental Satellite Service. 
810 1 |a United States.  |b National Oceanic and Atmospheric Administration.  |t NOAA technical memorandum ;  |v NESS 85. 
852 8 |b CARM  |h A3:AE09C0  |i D07059  |p 0237535  |f BK 
999 f f |i d07435b9-82aa-5ee7-9e26-52e10cfbd1eb  |s c4e8be09-58c4-5738-9a9c-ce9f8112b42c 
952 f f |p Can circulate  |a CAVAL  |b CAVAL  |c CAVAL  |d CARM 1 Store  |e D07059  |f A3:AE09C0  |h Other scheme  |i book  |m 0237535